<?xml version="1.0" encoding="UTF-8"?>
<collection xmlns:xsi="http://www.w3.org/2001/XMLSchema-instance" xsi:schemaLocation="http://www.loc.gov/MARC21/slim http://www.loc.gov/standards/marcxml/schema/MARC21slim.xsd" xmlns="http://www.loc.gov/MARC21/slim">
 <record>
  <leader>00000cam a22000003i 4500</leader>
  <controlfield tag="001">UP-1685594773862098174</controlfield>
  <controlfield tag="003">Buklod</controlfield>
  <controlfield tag="005">20180123101922.0</controlfield>
  <controlfield tag="006">g||| |     ||   ||</controlfield>
  <controlfield tag="007">ta</controlfield>
  <controlfield tag="008">180123s2017    xx ab   rb   ||01 0|eng d</controlfield>
  <datafield tag="020" ind1=" " ind2=" ">
   <subfield code="a">9789711013585</subfield>
  </datafield>
  <datafield tag="035" ind1=" " ind2=" ">
   <subfield code="a">(iLib)UPBAG-00026665496</subfield>
  </datafield>
  <datafield tag="037" ind1=" " ind2=" ">
   <subfield code="a">BC-68812</subfield>
   <subfield code="b">New Day Publishers</subfield>
   <subfield code="c">Php450.00</subfield>
   <subfield code="n">Library</subfield>
  </datafield>
  <datafield tag="040" ind1=" " ind2=" ">
   <subfield code="a">DLSU</subfield>
   <subfield code="d">BAG</subfield>
   <subfield code="e">rda</subfield>
  </datafield>
  <datafield tag="041" ind1="0" ind2=" ">
   <subfield code="a">eng</subfield>
  </datafield>
  <datafield tag="090" ind1=" " ind2="0">
   <subfield code="a">DS 688 M2</subfield>
   <subfield code="b">M58 2017</subfield>
  </datafield>
  <datafield tag="245" ind1="0" ind2="0">
   <subfield code="a">Mindanao Muslim history</subfield>
   <subfield code="b">documentary sources from the advent of Islam to the 1800s</subfield>
   <subfield code="c">compiled and edited by John Harvey D. Gamas [and six others].</subfield>
  </datafield>
  <datafield tag="250" ind1=" " ind2=" ">
   <subfield code="a">Newsprint edition.</subfield>
  </datafield>
  <datafield tag="264" ind1=" " ind2="1">
   <subfield code="a">Quezon City, Philippines</subfield>
   <subfield code="b">New Day Publishers</subfield>
   <subfield code="c">[2017]</subfield>
  </datafield>
  <datafield tag="300" ind1=" " ind2=" ">
   <subfield code="a">xviii, 326 pages</subfield>
   <subfield code="b">illustrations, maps</subfield>
   <subfield code="c">23 cm</subfield>
  </datafield>
  <datafield tag="336" ind1=" " ind2=" ">
   <subfield code="a">text</subfield>
   <subfield code="2">rdacontent</subfield>
  </datafield>
  <datafield tag="337" ind1=" " ind2=" ">
   <subfield code="a">unmediated</subfield>
   <subfield code="2">rdamedia</subfield>
  </datafield>
  <datafield tag="338" ind1=" " ind2=" ">
   <subfield code="a">volume</subfield>
   <subfield code="2">rdacarrier</subfield>
  </datafield>
  <datafield tag="500" ind1=" " ind2=" ">
   <subfield code="a">Co-published with Ateneo de Davao University.</subfield>
  </datafield>
  <datafield tag="504" ind1=" " ind2=" ">
   <subfield code="a">Includes bibliographical references and index.</subfield>
  </datafield>
  <datafield tag="505" ind1="0" ind2=" ">
   <subfield code="a">Islam and the rise of the sultanates in Mindanao -- mythology of Mindanao -- manuscript no.II : the genealogy of Kabungsuwan and his coming to Maguindanao; or, the conversion of Maguindanao to Islam -- manuscript no.IV: history of the Dumatus and the conversion of Mindanao to Islam -- manuscript no.V: the oldest copy of the genealogy of Magindanao and the Iranun Datus -- manuscript no.VI the history of genealogy of Magindanao proper -- genealogy of Sulu -- story of Gumansalangi and Onda'assa from Merano, Central Mindanao -- Sulu in the Tao i chih lio -- Sulu in Ming Shih -- Mao-li-wu from Zhang Xie's Dong Xi Yang Kao, ch.5 -- translation of the Luwaran, the Magindanao code of laws -- the principle Sulu code -- Spanish colonial intrusions into Mindanao -- first voyage around the world -- reply to Miguel Lopez de Legazpi -- letter of Doctor Francisco de Sande to Captain Estevan Rodriguez de Figueroa -- article of contract for the conquest of Mindanao -- pacification of Mindanao -- defeat of Moro pirates -- the conquest of Mindanao -- Kudarat's exhortation to the Maranao Datus -- Concuera's campaign in Jolo -- of the inhabitants, and civil state of the Isle of Mindanao -- a translated letter of the King of Ternate Amsterdam to the King of Maguindanao --   the decline of the Sultanates in Mindanao -- plan of an expedition for the conquest of the Southern Philippines -- a voyage to New Guinea and the Moluccas from Balambangan: including an  account of Magindanao, Sooloo and other islands -- treaty of 1836 with the Sultan of Sulu -- treaty of April 30, 1851 -- Jose Ignacio Guerrico to the mission superior Tamontaka, 31 December 1862 -- treaty of 1878 -- letter of Governor-General De la Torre on the policy that should be adopted in Mindanao and Sulu, June 11, 1893 -- politico-military government of Mindanao and adjacent islands -- report about the island of Mindanao submitted by Father Pablo Pastells, mission superior of the Society of Jesus , to His Excellency the Governor-General of the Philippines, Don Valeriano Weyler.</subfield>
  </datafield>
  <datafield tag="650" ind1=" " ind2="0">
   <subfield code="a">Muslims</subfield>
   <subfield code="z">Philippines</subfield>
   <subfield code="z">Mindanao</subfield>
   <subfield code="x">History</subfield>
   <subfield code="v">Sources.</subfield>
  </datafield>
  <datafield tag="650" ind1=" " ind2="0">
   <subfield code="a">Islam</subfield>
   <subfield code="z">Philippines</subfield>
   <subfield code="z">Mindanao</subfield>
   <subfield code="x">History</subfield>
   <subfield code="v">Sources.</subfield>
  </datafield>
  <datafield tag="651" ind1=" " ind2="0">
   <subfield code="a">Mindanao</subfield>
   <subfield code="x">History</subfield>
   <subfield code="v">Sources.</subfield>
  </datafield>
  <datafield tag="700" ind1="1" ind2=" ">
   <subfield code="a">Gamas, John Harvey D.</subfield>
   <subfield code="e">compiler</subfield>
   <subfield code="e">editor.</subfield>
  </datafield>
  <datafield tag="700" ind1="1" ind2=" ">
   <subfield code="a">Limba, Mansoor L.</subfield>
   <subfield code="e">compiler</subfield>
   <subfield code="e">editor.</subfield>
  </datafield>
  <datafield tag="700" ind1="1" ind2=" ">
   <subfield code="a">Villa, Anderson V.</subfield>
   <subfield code="e">compiler</subfield>
   <subfield code="e">editor.</subfield>
  </datafield>
  <datafield tag="700" ind1="1" ind2=" ">
   <subfield code="a">Balo, Janor C.</subfield>
   <subfield code="e">compiler</subfield>
   <subfield code="e">editor.</subfield>
  </datafield>
  <datafield tag="700" ind1="1" ind2=" ">
   <subfield code="a">Cunanan, Maria Janua P.</subfield>
   <subfield code="e">compiler</subfield>
   <subfield code="e">editor.</subfield>
  </datafield>
  <datafield tag="700" ind1="1" ind2=" ">
   <subfield code="a">Gloria, Heidi K.</subfield>
   <subfield code="e">compiler</subfield>
   <subfield code="e">editor.</subfield>
  </datafield>
  <datafield tag="700" ind1="1" ind2=" ">
   <subfield code="a">Beleno, Ramon B.,III</subfield>
   <subfield code="e">compiler</subfield>
   <subfield code="e">editor.</subfield>
  </datafield>
  <datafield tag="905" ind1=" " ind2=" ">
   <subfield code="a">FI</subfield>
  </datafield>
  <datafield tag="852" ind1="0" ind2=" ">
   <subfield code="a">UPBAG</subfield>
   <subfield code="b">UPBAG-MAIN</subfield>
   <subfield code="h">DS 688 M2 M58 2017</subfield>
  </datafield>
  <datafield tag="942" ind1=" " ind2=" ">
   <subfield code="a">Book</subfield>
  </datafield>
 </record>
</collection>
